In Defence of Country (Record no. 351148)
[ view plain ]
| 000 -LEADER | |
|---|---|
| fixed length control field | 00591nam a2200133Ia 4500 |
| 008 - FIXED-LENGTH DATA ELEMENTS--GENERAL INFORMATION | |
| fixed length control field | 171212s9999 xx 000 0 und d |
| 020 ## - INTERNATIONAL STANDARD BOOK NUMBER | |
| International Standard Book Number | 9781925022780 |
| 245 ## - TITLE STATEMENT | |
| Statement of responsibility, etc | editor Noah Riseman, |
| Title | In Defence of Country |
| Remainder of title | Life Stories of Aboriginal and Torres Strait Islander Servicemen and Women |
| 260 ## - PUBLICATION, DISTRIBUTION, ETC. (IMPRINT) | |
| Name of publisher, distributor, etc | ANU E Press |
| Date of publication, distribution, etc | 2016 |
| 440 ## - SERIES STATEMENT/ADDED ENTRY--TITLE | |
| Title | Aboriginal History Monographs |
| 650 ## - SUBJECT ADDED ENTRY--TOPICAL TERM | |
| Topical term or geographic name as entry element | Aboriginal Australians -- Wars -- Veterans; Aboriginal Australian soldiers -- Biography; Australia -- Armed Forces -- Aboriginal Australians |
| 650 ## - SUBJECT ADDED ENTRY--TOPICAL TERM | |
| Topical term or geographic name as entry element | History |
| 856 ## - ELECTRONIC LOCATION AND ACCESS | |
| Uniform Resource Identifier | <a href="http://jstor.org/stable/j.ctt1bgzbmj">http://jstor.org/stable/j.ctt1bgzbmj</a> |
| Withdrawn status | Lost status | Damaged status | Home library | Current library | Date acquired | Total Checkouts | Date last seen | Price effective from | Koha item type |
|---|---|---|---|---|---|---|---|---|---|
| College Library | College Library | 12/12/2017 | 12/12/2017 | 12/12/2017 | Curriculum - Based eBooks |